La España del Quijote (Record no. 189034)

MARC details
000 -LEADER
campo de control de longitud fija 01612nam a2200325 i 4500
001 - NÚMERO DE CONTROL
campo de control 189034
003 - IDENTIFICADOR DE NÚMERO DE CONTROL
campo de control ES-MaACL
005 - FECHA Y HORA DE LA ÚLTIMA TRANSACCIÓN
campo de control 20240612125522.0
008 - DATOS DE LONGITUD FIJA--INFORMACIÓN GENERAL
campo de control de longitud fija 190322t20162017sp a |||| |dspa d
020 ## - NÚMERO INTERNACIONAL ESTÁNDAR DEL LIBRO
Número Internacional Estándar del Libro 978-84-697-3060-7
080 ## - NÚMERO DE LA CLASIFICACIÓN DECIMAL UNIVERSAL
Número de la Clasificación Decimal Universal 929 Cervantes Saavedra, Miguel de
080 ## - NÚMERO DE LA CLASIFICACIÓN DECIMAL UNIVERSAL
Número de la Clasificación Decimal Universal 94(460)"15/17"(063)
111 2# - ENTRADA PRINCIPAL--NOMBRE DE CONGRESO/REUNIÓN
Nombre de congreso/reunión o jurisdicción como elemento de entrada Jornadas de Historia en Llerena (
Número del congreso/reunión o número de parte o sección 17ª.
Fecha del congreso o de la firma del tratado 2016)
9 (RLIN) 166660
245 13 - MENCIÓN DEL TÍTULO
Título La España del Quijote
Resto del título : [historia y literatura] : IV Centenario de la muerte de Cervantes (1616-2016) /
Mención de responsabilidad, etc. [XVII Jornadas de Historia en Llerena, 21 y 22 de octubre de 2016 ; coordinación, Felipe Lorenzana de la Puente y Francisco Mateos Ascacíbar].
246 3# - FORMA VARIANTE DEL TITULO
Título propio/Titulo breve Jornadas de Historia en Llerena
260 ## - PUBLICACIÓN, DISTRIBUCIÓN, ETC.
Lugar de publicación, distribución, etc. Llerena (Badajoz) :
Nombre del editor, distribuidor, etc. Sociedad Extremeña de Historia,
Fecha de publicación, distribución, etc. 2016 (
Fecha de fabricación/manufactura [2017])
300 ## - DESCRIPCIÓN FÍSICA
Extensión 370 p. :
Otras características físicas il. ;
Dimensiones 24 cm +
Material acompañante/anejo 1 DVD.
504 ## - NOTA DE BIBLIOGRAFÍA, ETC.
Nota de bibliografía, etc. Referencias bibliográficas.
546 ## - NOTA DE IDIOMA
Nota de lengua/lenguaje Textos en español; resúmenes en español e inglés.
600 17 - PUNTO DE ACCESO ADICIONAL DE MATERIA--NOMBRE DE PERSONA
Nombre de persona Cervantes Saavedra, Miguel de,
Fechas asociadas al nombre 1547-1616-
Subdivisión de forma Congresos y asambleas
9 (RLIN) 166661
600 14 - PUNTO DE ACCESO ADICIONAL DE MATERIA--NOMBRE DE PERSONA
Nombre de persona Cervantes Saavedra, Miguel de,
Fechas asociadas al nombre 1547-1616-
Subdivisión general Biografías
9 (RLIN) 37596
651 #4 - PUNTO DE ACCESO ADICIONAL DE MATERIA--NOMBRE GEOGRÁFICO
Nombre geográfico España-
Subdivisión general Historia-
Subdivisión cronológica 1516-1700, Casa de Austria-
Subdivisión de forma Congresos y asambleas.
9 (RLIN) 166662
700 1# - ENTRADA AGREGADA--NOMBRE PERSONAL
Nombre de persona Lorenzana de la Puente, Felipe.
9 (RLIN) 129072
700 1# - ENTRADA AGREGADA--NOMBRE PERSONAL
Nombre de persona Mateos Ascacíbar, Francisco J.
9 (RLIN) 129719
710 2# - ENTRADA AGREGADA--NOMBRE DE ENTIDAD CORPORATIVA
Nombre de entidad corporativa o nombre de jurisdicción como elemento de entrada Sociedad Extremeña de Historia.
9 (RLIN) 6768
852 ## - LOCALIZACIÓN
Ubicación ES-MaACL
Número de control de estantería A-14424
itemnumber 196170
Sublocalización o colección R.151892
Ubicación en estantería Depósito 1
Signatura antigua Olim: N-7424
Donativo/Legado Donación: Editorial
852 ## - LOCALIZACIÓN
Ubicación ES-MaACL
Número de control de estantería ROT 6/2/36
itemnumber 203356
Ubicación en estantería Rotativo
Donativo/Legado Donación: Editorial
942 ## - ELEMENTOS DE ENTRADA SECUNDARIOS (KOHA)
Fuente del sistema de clasificación o colocación Clasificación decimal universal
Holdings
Estatus retirado Estado de pérdida Fuente del sistema de clasificación o colocación Estado de daño No para préstamo Biblioteca de origen Biblioteca actual Ubicación en estantería Fecha de adquisición Fuente de adquisición Total de préstamos Signatura topográfica completa Código de barras Visto por última vez Precio de reemplazo Tipo de ítem Koha
    Clasificación decimal universal     Biblioteca del Ateneo de Madrid Biblioteca del Ateneo de Madrid Depósito 1 22/03/2019 Donación   A-14424 1200203 23/02/2023 23/02/2023 Libro impreso
    Clasificación decimal universal     Biblioteca del Ateneo de Madrid Biblioteca del Ateneo de Madrid Rotativo 11/06/2024 Donación   ROT 6/2/36 101228396 11/06/2024 11/06/2024 DVD